000 00521nam a2200181Ia 4500
005 20250508161746.0
008 008 250505s9999 xx 000 0 hin d
037 _aTextual
040 _aFEDL
_beng
_cFEDL
041 _ahin
_2eng
084 _a351.71, PRA
_qFEDL
100 _aPranjpe Hari Gopal
_9771508
245 0 _aBharat ki vitteeya shasan - vyvastha
260 _aDelhi, India
_bCentral Hindi Nideshalaya
_c1963
300 _axi,267p
942 _cTEXL
_h351.71, PRA
999 _c1371963
_d1371963